Production Transformation Policy Review od Chile Reaping the Benefits of New Frontiers

Salvato in:
Dettagli Bibliografici
Natura: Libro
Lingua:inglese
Pubblicazione: Paris OECD 2018
Serie:OECD Development Pathways
Soggetti:
Tags: Aggiungi Tag
Nessun Tag, puoi essere il primo ad aggiungerne!!

MARC

LEADER 00000nam a2200000 4500
001 0242052
005 20221220065821.4
020 |a 978-92-64-28833-1 
041 0 |a eng 
044 |a FR 
245 1 0 |a Production Transformation Policy Review od Chile  |b Reaping the Benefits of New Frontiers 
264 1 |a Paris  |b OECD  |c 2018 
300 |a 150 s. 
490 1 |a OECD Development Pathways 
830 0 |a OECD Development Pathways 
610 2 0 |a situácia hospodárska 
610 2 0 |a rast hospodársky 
610 2 0 |a politika hospodárska 
610 2 0 |a energia slnečná 
610 2 0 |a Čile